000 01363nam a2200277Ia 4500
999 _c53829
_d53829
001 20880
003 GE_BSU
005 20210607183346.0
008 181216s2015||||ge |||||||||||||| ||geo||
020 _a9789941942839
040 _cGE_BSU
041 _ageo
080 _a347.22 შ-81
100 _aშოთაძე, თამარ
_98219
245 _aშედარებითი სანივთო სამართალი :
_b(სანივთო სამართლის ცალკეულ ინსტიტუტთა შედარებითი ანალიზი) /
_cთამარ შოთაძე.
250 _aI გამოცემა
264 _aთბილისი :
_bიურისტების სამყარო,
_c2015.
300 _a172 გვ; 20 სმ.
504 _aბიბლიოგრაფია ტექსტის შენიშვნებში
520 _aდამატებული სათაური : Comparative property law : (Comparative analysis certain institutions of property law)
541 _h13ლ.50თ.
546 _aთავფურცელი მე-2 გვერდი ინგლისურ ენაზე
653 _aსამართალი
653 _aსანივთო სამართალი
942 _cBK
_2udc